Orgány a riadiaci aparát amerických firiem.
Odlišnosti v právnych formách firiem kontinentálnej Európy a anglo-americkej oblasti a ich prejav v spôsoboch utvárania vrcholového vedenia. Systém troch orgánov v obidvoch právnych systémoch: vrcholový orgán, riadiaci orgán a kontrolný orgán. V amerických kapitálových spoločnostiach plnia tieto fun...
Saved in:
| Main Author: | |
|---|---|
| Format: | Book Chapter |
| Language: | Slovak |
| Subjects: | |
| Tags: |
No Tags, Be the first to tag this record!
|
MARC
| LEADER | 00000naa a2200000 4500 | ||
|---|---|---|---|
| 001 | r005656 | ||
| 005 | 20221125071239.4 | ||
| 041 | 0 | |a slo | |
| 044 | |a [CS] | ||
| 245 | 1 | 0 | |a Orgány a riadiaci aparát amerických firiem. |c Mikuláš Sedlák |
| 520 | |a Odlišnosti v právnych formách firiem kontinentálnej Európy a anglo-americkej oblasti a ich prejav v spôsoboch utvárania vrcholového vedenia. Systém troch orgánov v obidvoch právnych systémoch: vrcholový orgán, riadiaci orgán a kontrolný orgán. V amerických kapitálových spoločnostiach plnia tieto funkcie tri orgány: valné zhromaždenie, riaditeľská rada a kontrolóri. Prezident a riadiaci aparát amerických firiem. | ||
| 610 | 2 | 0 | |a firmy |
| 610 | 2 | 0 | |a riadenie |
| 610 | 2 | 0 | |a štruktúra riadenia |
| 610 | 2 | 0 | |a štruktúra podniku organizačná |
| 610 | 2 | 0 | |a USA |
| 610 | 2 | 0 | |a Európa |
| 610 | 2 | 0 | |a kontrola vnútropodniková |
| 610 | 2 | 0 | |a RSA |
| 610 | 2 | 0 | |a útvary podnikové |
| 100 | 1 | |a Sedlák, Mikuláš | |